Представление документа в формате RUSMARC

ПолеНазваниеЗначение
  Тип записи a
  Библиографический уровень m
001 Контрольный номер RU/REG73/CBS_GRAD2/669898915
005 Дата корректировки 20221122154900.7
010 Индекс ISBN __
a ISBN 5-7838-1014-2
101 Язык документа __
a Язык текста rus
200 Заглавие и сведения об ответственности __
a Заглавие Тайны Нового Света
e Сведения, относящиеся к заглавию От древних цивилизаций до Колумба
f Первые сведения об ответственности Я. Н. Нерсесов
b Общее обозначение материала Текст
203 Вид содержания и тип средства __
a Вид содержания Текст (визуальный) : непосредственный
210 Выходные данные __
a Место издания Москва
c Издательство Вече
d Дата издания 2001
215 Физическое описание __
a Объем 512 с.
c Иллюстрации/тип воспроизводства ил.
225 Серия __
a Серия Тайны древних цивилизаций
686 Индексы других классификаций __
a Классификационный индекс 63.5
700 Автор __
a Фамилия Нерсесов
g Полное личное имя Яков Николаевич
801 Источник записи _0
a Страна RU
b Организация RuCBSGrad
g Правила каталогизации PSBO
801 Источник записи _1
a Страна RU
b Организация RuCBSGrad
g Правила каталогизации PSBO
901 Тип документа __
t Тип документа m
981 __
b i
g e
2 isbdcontent
982 __
b n
2 isbdmedia
993 __
a 53176
b 29139
e 222368
f ЦГДБ
h 49.30
i 222368
m 1
n 44278
o I
p 49.30
x 1
y 1
z 63.5